Wissenschaftliche Zeitschrift Beiträge aus Forschung und Lehre

Guardado en:
Detalles Bibliográficos
Formato: Seriadas
Lenguaje:alemán
Publicado: Leipzig Handelshochschule 1992
Etiquetas: Agregar Etiqueta
Sin Etiquetas, Sea el primero en etiquetar este registro!

MARC

LEADER 00000nas2a2200000 4500
001 s016492
005 20250825073541.8
022 |a 0323-3545 
041 0 |a ger 
044 |a DE 
245 1 0 |a Wissenschaftliche Zeitschrift  |b Beiträge aus Forschung und Lehre 
264 1 |a Leipzig  |b Handelshochschule  |c 1992 
300 |a 1 zv.